Spanish: Days Quiz Stats

 Plays Quiz Updated Mar 19, 2020

     
Support Sporcle.
Go Orange.
Score 0/10 Timer 02:00
2 Plays Today
English Spanish % Correct
Mondaylunes
95%
Tuesdaymartes
91.7%
Sundaydomingo
91.3%
Saturdaysábado
90.7%
Wednesdaymiércoles
90.5%
Fridayviernes
82.2%
Thursdayjueves
81.4%
Tomorrowmañana
65.3%
Todayhoy
59.8%
Yesterdayayer
52%

From the Vault

Typing Challenge III

by HenryFieldstone

If you smell something burning, it's probably your fingertips.
Remove Ads.
Support Sporcle.
Get the best of Sporcle when you Go Orange. This ad-free experience offers more features, more stats, and more fun while also helping to support Sporcle. Thank you for becoming a member.

Show Comments

Extras

Top Quizzes Today


Score Distribution

Your Account Isn't Verified!

In order to create a playlist on Sporcle, you need to verify the email address you used during registration. Go to your Sporcle Settings to finish the process.

Report this User

Report this user for behavior that violates our Community Guidelines.

Details: